00470nam a22001577a 450000500170000001000150001702000260003203500130005803700130007108200060008410000250009024500690011526000440018427000630022830000210029120141125114406.0 aENG-111276 a9789350097809c350.00 aEN-94808 bDBAD/PUB aN aKundu, Sreemoyee Piu aSita's curse :cby Sreemoyee Piu Kundubthe language of desire / aGurgaonbHachette Book Publishingc2014 a4th/5th Floors, Corporate Center, Sec. 44bGurgaone122003 a332p.c22cm(pbk)